| 000 | 00697nam a22002297a 4500 | ||
|---|---|---|---|
| 003 | OSt | ||
| 005 | 20220107122837.0 | ||
| 008 | 180411b xxu||||| |||| 00| 0 eng d | ||
| 020 | _a9788126556533 | ||
| 040 | _cIIITMK | ||
| 082 | _a006.312 EMC/D | ||
| 100 |
_aEMC _913930 |
||
| 245 |
_aData science and big data analytics: _bDiscovering, analyzing, visualizing and presenting data _cEMC Education Services |
||
| 260 |
_aIndianapolis, _bJohn Wiley & Sons, Inc., _c2015. |
||
| 300 | _axiii,410p. | ||
| 650 |
_aCOMPUTER SCIENCE _913931 |
||
| 650 |
_aDATA SCIENCE _913932 |
||
| 650 |
_aBIG DATA _913933 |
||
| 650 |
_aDATA ANALYTICS _913934 |
||
| 650 |
_aBIG DATA ANALYTICS _913935 |
||
| 942 |
_2ddc _cBK |
||
| 999 |
_c6032 _d6032 |
||